| 000 | 00802cab a2200241 4500 | ||
|---|---|---|---|
| 001 | A416 | ||
| 008 | 090401t1980 xxu||||| |||| 00| 0 eng d | ||
| 035 | _a(Sirsi) u29124 | ||
| 041 | _aeng | ||
| 100 | _aFlanagan, R. | ||
| 245 | _aChanging world creates QS challenges | ||
| 260 | _c1980 | ||
| 350 | _a0 | ||
| 490 |
_aChartered Quantity Surveyor _v3(3) October 1980, 100-101(2) |
||
| 520 | _aAn edited version of a paper presented to the RICS Annual Conference in 1980 which compares UK contractual arrangements with those overseas, in particular those of the United States. | ||
| 650 | _aCONTRACTUAL ARRANGEMENTS | ||
| 650 | _aQUANTITY SURVEYORS | ||
| 650 | _aUNITED STATES | ||
| 690 | _aOVERSEAS-NORTH AMERICA | ||
| 690 |
_aQuantity surveying _96263 |
||
| 942 | _n0 | ||
| 948 | _c04/03/1997 | ||
| 999 |
_c19607 _d19607 |
||